| 000 | 00692nam a2200253Ia 4500 | ||
|---|---|---|---|
| 005 | 20250425162218.0 | ||
| 008 | 250425s9999 xx 000 0 und d | ||
| 020 | _a1589064569 | ||
| 041 | _aspa | ||
| 082 | _a338.5433 | ||
| 100 | _aFONDO MONETARIO, INTERNACIONAL | ||
| 245 | 0 | _aPERSPECTIVAS DE LA ECONOMIA MUNDIAL: EL DESARROLLO DE LAS INSTITUCIONES | |
| 250 | _a1A ED | ||
| 260 |
_aEstados Unidos _bFONDO MONETARIO INTERNACIONAL _c2005 |
||
| 260 | _aS.L. | ||
| 300 | _a317 | ||
| 500 | _a38596 | ||
| 650 | _aDESARROLLO | ||
| 650 | _aECONOMIA MUNDIAL | ||
| 650 | _aINSTITUCIONES INTERNACIONALES | ||
| 710 | _aFONDO MONETARIO INTERNACIONAL | ||
| 942 | _c01 | ||
| 010 | _a57002 | ||
| 999 |
_c224621 _d224621 |
||